000 00673cam a22002291 4500
999 _c18543
_d18543
001 4531013
003 BDDh-ASL
005 20231015025719.0
008 770802s1961 enka 000 0 eng
010 _a 62004732
040 _aDLC
_cIU
_dBDDh-ASL
043 _aa-ii---
050 0 0 _aDS480.83
_b.M596 1961
082 0 0 _a954.03
_bMOL
100 1 _aMosley, Leonard,
_d1913-1992.
245 1 4 _aThe last days of the British Raj/
_cby Leonard Mosley.
260 _aLondon:
_bWeidenfeld and Nicolson,
_c1961.
300 _a263 p. :
_billus.
_c23 cm.
651 0 _aIndia
_xHistory
_y20th century.
906 _a7
_bcbc
_corignew
_du
_eocip
_f19
_gy-gencatlg
942 _2ddc
_cBK